000
00305nam a2200121Ia 4500
008
150201s2002 xx 000 0 und d
082
_a
616.01
_b
A02W
100
_a
WHO
245
_a
ASSESSING MICROBIOLOGY SEFETY OF DRINKING WATER
260
_b
AITBS
_a
DELHI
_c
2002
650
_a
MICROBIOLOGY
942
_2
ddc
_c
BK
999
_c
840
_d
840